<?xml version="1.0" encoding="UTF-8"?>
<record
    xmlns:xsi="http://www.w3.org/2001/XMLSchema-instance"
    xsi:schemaLocation="http://www.loc.gov/MARC21/slim http://www.loc.gov/standards/marcxml/schema/MARC21slim.xsd"
    xmlns="http://www.loc.gov/MARC21/slim">

  <leader>01098nam a22002897a 4500</leader>
  <controlfield tag="001">4732</controlfield>
  <controlfield tag="003">FISKH</controlfield>
  <controlfield tag="005">20241127095909.0</controlfield>
  <controlfield tag="008">240926b        cb ||||| |||| 00| 0 eng d</controlfield>
  <datafield tag="020" ind1=" " ind2=" ">
    <subfield code="a">9780545289962</subfield>
  </datafield>
  <datafield tag="040" ind1=" " ind2=" ">
    <subfield code="a">FISKH</subfield>
    <subfield code="b">eng</subfield>
    <subfield code="c">FISKH</subfield>
    <subfield code="d">FISKH</subfield>
  </datafield>
  <datafield tag="050" ind1=" " ind2=" ">
    <subfield code="a">GV1204.B69</subfield>
  </datafield>
  <datafield tag="082" ind1=" " ind2=" ">
    <subfield code="a">790.1</subfield>
  </datafield>
  <datafield tag="100" ind1=" " ind2=" ">
    <subfield code="a">Martin, Steve </subfield>
    <subfield code="e">author </subfield>
  </datafield>
  <datafield tag="245" ind1=" " ind2=" ">
    <subfield code="a">The Boy's Book of Adventure :</subfield>
    <subfield code="b">Are you ready to face the challenge ? /</subfield>
    <subfield code="c">written by Steve Martin : illustrated by Simon Ecob</subfield>
  </datafield>
  <datafield tag="250" ind1=" " ind2=" ">
    <subfield code="a">This edition first printing , September 2010</subfield>
  </datafield>
  <datafield tag="260" ind1=" " ind2=" ">
    <subfield code="a">New York : </subfield>
    <subfield code="b">Scholastic ;</subfield>
    <subfield code="c">2010 .</subfield>
  </datafield>
  <datafield tag="300" ind1=" " ind2=" ">
    <subfield code="a">124 pages : </subfield>
    <subfield code="b">illustrations ;</subfield>
    <subfield code="c">20 cm .</subfield>
  </datafield>
  <datafield tag="505" ind1=" " ind2=" ">
    <subfield code="a">Z 
</subfield>
  </datafield>
  <datafield tag="520" ind1=" " ind2=" ">
    <subfield code="a">A humorous guide for boys that discusses all of the skills that are necessary for a life of adventure and excitement, including slaying a werewolf, escaping a capsized ship, tackling a komodo dragon, and diving for treasure.</subfield>
  </datafield>
  <datafield tag="521" ind1="8" ind2=" ">
    <subfield code="a">1000 
</subfield>
    <subfield code="b">Lexile 
</subfield>
  </datafield>
  <datafield tag="521" ind1="8" ind2=" ">
    <subfield code="a">Z 
</subfield>
    <subfield code="b">Raz-Plus 
</subfield>
  </datafield>
  <datafield tag="650" ind1=" " ind2=" ">
    <subfield code="a">childhood</subfield>
    <subfield code="v">non-fiction</subfield>
  </datafield>
  <datafield tag="700" ind1=" " ind2=" ">
    <subfield code="a">Ecob, Simon</subfield>
    <subfield code="e">illustrator </subfield>
  </datafield>
  <datafield tag="942" ind1=" " ind2=" ">
    <subfield code="2">ddc</subfield>
    <subfield code="c">BK</subfield>
    <subfield code="n">0</subfield>
  </datafield>
  <datafield tag="999" ind1=" " ind2=" ">
    <subfield code="c">4732</subfield>
    <subfield code="d">4732</subfield>
  </datafield>
  <datafield tag="952" ind1=" " ind2=" ">
    <subfield code="0">0</subfield>
    <subfield code="1">0</subfield>
    <subfield code="2">ddc</subfield>
    <subfield code="4">0</subfield>
    <subfield code="7">0</subfield>
    <subfield code="8">NFIC</subfield>
    <subfield code="a">001</subfield>
    <subfield code="b">001</subfield>
    <subfield code="c">SNS</subfield>
    <subfield code="d">2024-09-26</subfield>
    <subfield code="l">0</subfield>
    <subfield code="o">MAR 790.1 GV1204.B69</subfield>
    <subfield code="p">FIS01023</subfield>
    <subfield code="r">2024-09-26 14:50:13</subfield>
    <subfield code="t">1</subfield>
    <subfield code="w">2024-09-26</subfield>
    <subfield code="y">BK</subfield>
  </datafield>
  <datafield tag="952" ind1=" " ind2=" ">
    <subfield code="0">0</subfield>
    <subfield code="1">0</subfield>
    <subfield code="2">ddc</subfield>
    <subfield code="4">0</subfield>
    <subfield code="7">0</subfield>
    <subfield code="8">NFIC</subfield>
    <subfield code="a">001</subfield>
    <subfield code="b">001</subfield>
    <subfield code="c">SNS</subfield>
    <subfield code="d">2024-09-26</subfield>
    <subfield code="l">0</subfield>
    <subfield code="o">MAR 790.1 GV1204.B69</subfield>
    <subfield code="p">FIS00890</subfield>
    <subfield code="r">2024-11-27 09:59:31</subfield>
    <subfield code="t">2</subfield>
    <subfield code="w">2024-09-26</subfield>
    <subfield code="y">BK</subfield>
  </datafield>
</record>
